Organizácia a riadenie výroby výrobné systémy a automatizované systémy riadenia

Bibliographic Details
Main Author: Greipl, Eugen (Author)
Format: Book
Language:Slovak
PhysicalDescription:67 s. sch., tab. 29 cm
Published: Bratislava Slovenská vysoká škola technická 1978
Edition:1. vyd.
Subjects:

MARC

LEADER 00000cam a2200000 a 4500
001 vtls001114823
003 SK-MaSNL
005 20260302025004.0
008 250313s1978 xo a e n 000 0 slo
015 |a SNBA1978 
035 |a SNK000057666 
035 |a urn:nbn:sk:snk-amkx8n 
035 |a urn:nbn:sk:snk-am0082b1 
035 |a 2B004680-7867-4787-805F-80BE6F171ADE 
040 |a SNK  |b slo  |c SNK  |e AACR2 
041 0 |a slo 
044 |a xo  |c SK 
080 |a 658.51:681.51/.52(075.8)  |2 1981 
080 |a 681.51/.52(075.8)  |2 1981 
080 |a 681.51/.52  |2 1981 
080 |a 658.51(075.8)  |2 1981 
100 1 |a Greipl, Eugen  |4 aut  |9 608853 
245 1 0 |a Organizácia a riadenie výroby  |b výrobné systémy a automatizované systémy riadenia  |c Eugen Greipl 
250 |a 1. vyd. 
260 |a Bratislava  |b Slovenská vysoká škola technická  |c 1978 
300 |a 67 s.  |b sch., tab.  |c 29 cm 
366 |e 200 výt. 
504 |a Bibliogr. odkazy 
650 0 7 |a manažment výroby  |2 SNKPH  |9 933 
650 0 7 |a automatizované systémy riadenia  |2 SNKPH  |9 28612 
650 0 7 |a výrobné systémy  |2 SNKPH  |9 29111 
655 7 |a učebnice vysokých škôl  |2 SNKPH  |9 70191 
852 |a Slovenská národná knižnica 
958 |a OND 
958 |a RM 
958 |a UV 
958 |a NB 
999 |c 1042521  |d 1044451 
952 |a SNK  |b SNK  |y PREZ  |7 0  |p 17A0971059  |o snkSB 27383  |i snkKSP 6875/78  |0 0  |1 0  |4 0  |d 2014-07-11  |f 1  |l 0  |r 2025-03-31 00:00:00  |w 2026-02-24